[Event "MCR mladeze 2019 - H14"]
[Site "Kouty nad Desnou"]
[Date "2019.03.10"]
[Round "2"]
[White "Nezval, Filip"]
[Black "Jun, Rudolf"]
[Result "0-1"]
[WhiteElo "1847"]
[BlackElo "2033"]
[EventDate "2019.03.09"]

1. Nf3  Nf6  2. g3  g6
3. b3  Bg7  4. Bb2
O-O  5. Bg2  d6
6. d4  c6  7. O-O  Qc7
8. c4  Nbd7  9. Nc3
a6  10. a4  b6
11. Rc1  e5  12. d5  c5
13. e4  Ne8  14. Nd2
f5  15. exf5  gxf5
16. f4  e4  17. g4
Ndf6  18. gxf5  Bxf5
19. Qe1  Ng4  20. Nd1
Bxb2  21. Nxb2  Qg7
22. Nd1  Qd4+  23. Kh1
Nef6  24. h3  Nh6
25. Ne3  Nh5  26. Qh4
Qxe3  27. Qxh5  Rf6
28. Rcd1  Rg6  29. Rfe1
Qxf4  30. Nxe4  Rf8
31. Qf3  Qxf3  32. Bxf3
Bxh3  33. Bh5  Bg2+
34. Kh2  Bxe4  35. Rxe4
Rg5  36. Rg1  Rxg1 37. Kxg1
Rf5  38. Re8+  Kg7
39. Re7+  Kf6  40. Rxh7
Rxh5  41. Ra7  a5
42. Ra6  Ke5  43. Rxb6
Rh3  44. Kf2  Nf5
45. Rb5  Kd4  46. Ke2
Kc3  47. Ke1  Rh2
0-1

[Event "MCR mladeze 2019 - H14"]
[Site "Kouty nad Desnou"]
[Date "2019.03.10"]
[Round "2"]
[White "Vantuch, Lucian"]
[Black "Kusa, Jakub"]
[Result "0-1"]
[WhiteElo "1978"]
[BlackElo "1912"]
[EventDate "2019.03.09"]

1. e4  c6  2. d4  d5
3. Nc3  dxe4  4. Nxe4
Nd7  5. Bc4  Ngf6
6. Ng5  e6  7. Qe2
Nb6  8. Bb3  h6
9. N5f3  c5  10. dxc5  Bxc5
11. Ne5  Qc7  12. Ngf3
Bd6  13. O-O  O-O
14. Rd1  Rd8  15. Bd2
Bd7  16. Bc3  Nbd5
17. Bd4  Bc5  18. Bxc5
Qxc5  19. Rd4  Rac8
20. Rad1  Qe7  21. Nxd7
Rxd7  22. Ne5  Rdd8
23. Qd2  b5  24. Qe2
Qc7  25. f4  Nxf4
26. Qxb5  Rxd4  27. Rxd4
Rb8  28. Qf1  Nh3+
29. gxh3  Qxe5  30. Ra4
Rd8  31. Rf4  Qe3+
32. Kh1  Rd2  33. Rf3
Qe5  34. Rf2  Qe4+
35. Kg1  Qe3  36. Kg2
Ne4  37. Rxd2  Qxd2+
38. Kh1  Qe3  39. Bc4
Nf2+  40. Kg2  Nxh3
41. Ba6  Nf4+  42. Kh1
Qe4+  43. Kg1  g5
44. c4  g4  45. Bb7
Nh3+  46. Qxh3  Qd4+
0-1

[Event "MCR mladeze 2019 - H14"]
[Site "Kouty nad Desnou"]
[Date "2019.03.10"]
[Round "2"]
[White "Prochazka, Vojtech"]
[Black "Vojta, Jakub"]
[Result "0-1"]
[WhiteElo "1686"]
[BlackElo "2125"]
[EventDate "2019.03.09"]

1. e4  Nf6  2. e5  Nd5
3. d4  d6  4. Nf3
Bg4  5. Bc4  e6
6. O-O  Nb6  7. Be2  d5
8. Be3  N8d7  9. Nbd2
Be7  10. Ne1  Bf5
11. Bd3  Bxd3  12. Nxd3
Nc4  13. Qg4  g6
14. Nxc4  dxc4  15. Ne1
h5  16. Qe2  Nb6
17. Nf3  Qd5  18. b3
O-O-O  19. Nd2  c3
20. Nc4  Nxc4  21. bxc4
Qc6  22. c5  g5
23. Qf3  Qxf3  24. gxf3  f5
25. exf6  Bxf6  26. Rfd1
Rd5  27. Rd3  Rhd8
28. Rad1  c6  29. Kg2
R8d7  30. h3  Kd8
31. a3  Ke8  32. Re1
Bxd4  33. Bxd4  Rxd4
34. Rxe6+  Kf7  35. Rde3
R4d5  36. Rd6  R7xd6
37. cxd6  Rxd6  38. Rxc3
Rd2  39. Kg3  Ke6
40. Rc5  Kf6  41. a4
Rd6  42. Rc4  Rd1
43. f4  g4  44. hxg4
Rg1+  45. Kf3  hxg4+
46. Ke3  Re1+  47. Kd3
Kf5  48. Rb4  b6
49. Rc4  c5  50. a5
Rh1  51. axb6  axb6
52. Ke2  Rh3  53. Ra4
Rc3  54. Kd2  Rf3
55. Ke2  Rxf4  56. Ra8
Rd4  57. Rb8  Rd6
58. Ke3  Rg6  59. Kd3
Ke5  60. Re8+  Re6
61. Rg8  Rd6+  62. Kc3
Rd4  63. Rg6  Rf4
64. Rxb6  Rxf2  65. Rg6
Kf4  66. Kd3  g3
67. Rf6+  Kg4  68. Rg6+
Kf3  69. c4  g2
70. Rg8  Rf1  71. Kd2  g1=Q
72. Rxg1  Rxg1  0-1

[Event "MCR mladeze 2019 - H14"]
[Site "Kouty nad Desnou"]
[Date "2019.03.10"]
[Round "2"]
[White "Nguyen, Thai Dai Vinh"]
[Black "Frank, Adam"]
[Result "1/2-1/2"]
[WhiteElo "1936"]
[BlackElo "2087"]
[EventDate "2019.03.09"]

1. e4  e5  2. Nf3  Nc6
3. Bc4  Nf6  4. Ng5
d5  5. exd5  Na5
6. Bb5+  c6  7. dxc6
bxc6  8. Bd3  Be7
9. Nc3  O-O  10. O-O
Bg4  11. Be2  Bxe2
12. Qxe2  Nd5  13. Nf3
Bd6  14. d4  exd4
15. Nxd5  cxd5  16. Nxd4
Bxh2+  17. Kxh2  Qh4+
18. Kg1  Qxd4  19. Rd1
Qc5  20. Be3  Qc6
21. Qd2  Nc4  22. Qxd5
Qxd5  23. Rxd5  Nxb2
24. Rb1  Nc4  25. Bc5
Rfe8  26. Rb4  Nb6
27. Bxb6  axb6  28. Rxb6
Rxa2  29. Rc5  h6
30. Rc7  Re1+  31. Kh2
Re2  32. Rb8+  Kh7
33. Rxf7  Rexc2  34. Rbb7
Rxf2  35. Rxg7+  Kh8
36. Rh7+  Kg8  37. Rbg7+
Kf8  38. Rg6  Rf7
39. Rhxh6  Rg7  40. Rxg7
Kxg7  41. Rb6  Ra3
42. g3  Ra4  43. Kh3
Ra3  44. Kh4  Ra4+
45. Kg5  Ra5+  46. Kg4
Ra4+  47. Kh5  Ra5+
48. Kh4  Ra4+  49. g4
Ra5  50. Re6  Rb5
51. Ra6  Rc5  52. Ra7+
Kg6  53. Ra6+  Kg7
54. g5  Rc1  1/2-1/2

[Event "MCR mladeze 2019 - H14"]
[Site "Kouty nad Desnou"]
[Date "2019.03.10"]
[Round "2"]
[White "Babula, Vlastimil"]
[Black "Rokos, Filip"]
[Result "1-0"]
[WhiteElo "2040"]
[BlackElo "1848"]
[EventDate "2019.03.09"]

1. e4  e6  2. d4  d5
3. Nc3  Bb4  4. e5
c5  5. a3  Bxc3+
6. bxc3  Qa5  7. Bd2
Qa4  8. f4  Nc6
9. Rb1  cxd4  10. Bb5  Qxa3
11. cxd4  Bd7  12. Rb3
Qe7  13. Bxc6  Bxc6
14. Bb4  Qd8  15. g4
h5  16. Rh3  Qb6
17. Rb3  Qd8  18. h4
Nh6  19. gxh5  Nf5
20. Qg4  a5  21. Ba3
b5  22. Bc5  b4
23. Nf3  Bb5  24. Ng5  Qd7
25. Kf2  Bc4  26. Rb2
Rb8  27. Ra1  Rb5
28. Rxb4  Rxb4  29. Bxb4
a4  30. c3  Bb3
31. Kg1  Ne3  32. Qg3  Nc2
33. Ne4  dxe4  34. Qxg7
Nxb4  35. Qxh8+  Ke7
36. Qf6+  Ke8  37. h6
Nd5  38. h7  Nxf6
39. h8=Q+  Ng8  40. Qxg8+
Ke7  41. h5  Qc6
42. Qg3  1-0

[Event "MCR mladeze 2019 - H14"]
[Site "Kouty nad Desnou"]
[Date "2019.03.10"]
[Round "2"]
[White "Dudek, Vojtech"]
[Black "Flajsman, Petr"]
[Result "1-0"]
[WhiteElo "2025"]
[BlackElo "1826"]
[EventDate "2019.03.09"]

1. d4  f5  2. h3  Nf6
3. g4  d5  4. Qd3
e6  5. Bg2  c6
6. Bf4  Bd6  7. Bxd6  Qxd6
8. Nf3  fxg4  9. hxg4
Qf4  10. Nbd2  Qxg4
11. O-O-O  Na6  12. Ne5
Nb4  13. Qe3  Qf5
14. Qb3  Na6  15. Qg3
Nh5  16. Qh4  Nf4
17. Bf3  Qf6  18. Qh2
Bd7  19. e3  g5
20. exf4  gxf4  21. Qh5+  Ke7
22. Qh4  1-0

[Event "MCR mladeze 2019 - H14"]
[Site "Kouty nad Desnou"]
[Date "2019.03.10"]
[Round "2"]
[White "Hrbek, Stepan"]
[Black "Ret, Adam Josef"]
[Result "1-0"]
[WhiteElo "1994"]
[BlackElo "1888"]
[EventDate "2019.03.09"]

1. Nf3  d6  2. g3  e5
3. Bg2  Nf6  4. O-O
Be7  5. c4  O-O
6. d4  Nbd7  7. Nc3  c6
8. Qc2  Qc7  9. b3
b6  10. Bb2  Bb7
11. Rac1  Rad8  12. Rfd1
Rfe8  13. e4  Qb8
14. a3  Nf8  15. b4
Rc8  16. Qb1  Ng6
17. Ne2  Bf8  18. Nd2
Rcd8  19. d5  cxd5
20. exd5  b5  21. Nc3
bxc4  22. Nxc4  Ne7
23. Na5  a6  24. Nc6
Bxc6  25. dxc6  Rc8
26. Ne4  Nxe4  27. Bxe4
g6  28. Qd3  Qa7
29. Qe3  Qxe3  30. fxe3
Red8  31. Bd5  Bg7
32. a4  Rc7  33. b5
axb5  34. axb5  Rb8
35. Ba3  Nc8  36. Bc4
Bf8  37. Bb4  Ra7
38. Ra1  Rba8  39. Ra6
Be7  40. Rda1  Rxa6
41. Rxa6  Rxa6  42. bxa6
Kf8  43. c7  d5
44. Bxe7+  Kxe7  45. Bxd5  f6
46. Bb7  Kd7  47. Bxc8+
1-0

[Event "MCR mladeze 2019 - H14"]
[Site "Kouty nad Desnou"]
[Date "2019.03.10"]
[Round "2"]
[White "Neumann, Filip"]
[Black "Skypala, Ondrej"]
[Result "1/2-1/2"]
[WhiteElo "1897"]
[BlackElo "2013"]
[EventDate "2019.03.09"]

1. e4  e6  2. d4  d5
3. exd5  exd5  4. Nf3
Bd6  5. Bd3  Bg4
6. O-O  Nc6  7. c3
Nge7  8. Bg5  f6
9. Bh4  Qd7  10. Nbd2
O-O-O  11. a4  a5
12. Nb3  Nf5  13. Bg3
Nxg3  14. fxg3  h5
15. Qc2  g5  16. Rae1
Rdg8  17. h3  Kb8
18. Nc5  Bxc5  19. dxc5
Be6  20. Nd4  Nxd4
21. cxd4  Rh6  22. c6
Qd6  23. cxb7  Bxh3
24. gxh3  Qxg3+  25. Kh1
Qxh3+  26. Kg1  Qg3+
27. Kh1  Qh3+  28. Kg1
Qg3+  29. Kh1  Qh3+
1/2-1/2

[Event "MCR mladeze 2019 - H14"]
[Site "Kouty nad Desnou"]
[Date "2019.03.10"]
[Round "2"]
[White "Stalmach, Richard"]
[Black "Vylicil, Adam"]
[Result "1-0"]
[WhiteElo "2117"]
[BlackElo "1468"]
[EventDate "2019.03.09"]

1. d4  c5  2. d5  e5
3. e4  d6  4. c4
Be7  5. g3  Bg5
6. Bg2  Bxc1  7. Qxc1  Nf6
8. Ne2  O-O  9. O-O
Nbd7  10. Nbc3  a6
11. Qc2  Nb6  12. b3
Qe7  13. Nc1  Ne8
14. Nd3  f5  15. f4
fxe4  16. Bxe4  Bh3
17. Rfe1  g6  18. Bg2
Bf5  19. Qd2  Nd7
20. fxe5  Bxd3  21. exd6
Qxd6  22. Qxd3  Nef6
23. Re6  Qc7  24. d6
Qb6  25. Nd5  Qd8
26. Ne7+  Kg7  27. Bxb7
1-0

[Event "MCR mladeze 2019 - H14"]
[Site "Kouty nad Desnou"]
[Date "2019.03.10"]
[Round "2"]
[White "Petricek, Lukas"]
[Black "Hlavina, Matous"]
[Result "1-0"]
[WhiteElo "1879"]
[BlackElo "1985"]
[EventDate "2019.03.09"]

1. e4  e6  2. d4  d5
3. e5  c5  4. c3
Nc6  5. Nf3  Qb6
6. Be2  Nh6  7. Bxh6
gxh6  8. Qd2  Bd7
9. O-O  Bg7  10. Na3
O-O  11. dxc5  Qxc5
12. Nc2  Qb6  13. Ne3
h5  14. g3  Rac8
15. Rab1  Qc7  16. c4
d4  17. Nxd4  Qxe5
18. Nf3  Qc7  19. Ng2
Ne7  20. Nf4  Rfd8
21. Nxh5  Bc6  22. Qg5
Ng6  23. Nxg7  Kxg7
24. b3  Be4  25. Rbd1
f6  26. Qe3  Bxf3
27. Bxf3  Ne5  28. Be4
b6  29. h3  Nc6
30. Qf3  Ne5  31. Qe2  Qc5
32. Kh2  Qe7  33. f4
Nc6  34. Qh5  Kh8
35. Rxd8+  Nxd8  36. Rd1
Nc6  37. Qb5  Rd8
38. Rxd8+  Nxd8  39. Qh5
Qd7  40. Qe2  Nf7
41. Qd3  Qxd3  42. Bxd3
Kg7  43. b4  Nd6
44. Kg2  h6  45. Kf3
Kf7  46. c5  bxc5
47. bxc5  Ne8  48. Ke4
Nc7  49. Kd4  Ke7
50. Be4  Kd7  51. g4
Ke7  52. h4  Kd7
53. g5  e5+  54. Kc4
fxg5  55. fxg5  hxg5
56. h5  Ne8  57. h6
Nf6  58. h7  1-0

[Event "MCR mladeze 2019 - H14"]
[Site "Kouty nad Desnou"]
[Date "2019.03.10"]
[Round "2"]
[White "Sedy, Matej"]
[Black "Jares, Michal"]
[Result "0-1"]
[WhiteElo "1367"]
[BlackElo "1950"]
[EventDate "2019.03.09"]

1. e4  c5  2. Nf3  Nc6
3. c4  d6  4. d4
cxd4  5. Nxd4  Nf6
6. f3  g6  7. Be2
Bg7  8. Be3  O-O
9. Qd2  Bd7  10. Nc3
Nxd4  11. Bxd4  Bc6
12. Bd3  Nd7  13. Bxg7
Kxg7  14. O-O  Nc5
15. Kh1  a5  16. Rae1
e5  17. Bb1  Qe7
18. f4  f6  19. Nd5
Bxd5  20. exd5  e4
21. f5  Qe5  22. fxg6
hxg6  23. Rf4  Rh8
24. h3  f5  25. Ref1
Raf8  26. Qf2  Kf7
27. Re1  Ke7  28. a3
g5  29. Rf3  f4
30. Kg1  e3  31. Qc2  Rf6
32. b4  g4  33. hxg4
Rfh6  34. Rh3  Rxh3
35. gxh3  f3  36. Qh2
f2+ 0-1

[Event "MCR mladeze 2019 - H16"]
[Site "Kouty nad Desnou"]
[Date "2019.03.10"]
[Round "2"]
[White "Mica, Marek"]
[Black "Kucera, Tomas"]
[Result "1-0"]
[WhiteElo "2240"]
[BlackElo "1904"]
[EventDate "2019.03.09"]

1. d4  Nf6  2. Nf3  g6
3. g3  Bg7  4. Bg2
O-O  5. c4  c6
6. O-O  d5  7. Qb3  Qb6
8. Nc3  Rd8  9. Rd1
Qxb3  10. axb3  Bf5
11. Ra3  Na6  12. Bf4
h6  13. h3  g5
14. Be5  Rd7  15. g4  Bg6
16. Bg3  Ne4  17. Ne5
Bxe5  18. Bxe5  f6
19. Bh2  Nxc3  20. bxc3
Bf7  21. cxd5  cxd5
22. c4  Nb4  23. Ra4 Nc6
24. e3  a6  25. Bg3
Rc8  26. Bf1  e5
27. Bd3  e4  28. Be2
Ne7  29. Rda1  f5
30. c5  Kh7  31. b4
Be6  32. b5  axb5
33. Bxb5  Nc6  34. gxf5
Bxf5  35. Kh2  Rf7
36. Be2  Rg8  37. Rb1
g4  38. h4  h5
39. Rb6  Rc8  40. Ra2  Rcf8
41. Rab2  Bc8  42. Bb5
Rf6  43. Kg2  Na7
44. Bd6  Rg8  45. Bd7
Bxd7  46. Rxb7  Rf7
47. Rxa7  g3  48. Bxg3
Bh3+  49. Kxh3  Rxa7
50. c6  Raa8  51. Rb5
Rac8  52. c7  Rge8
53. Rxd5  Kg6  54. Rg5+
Kh6  55. Bf4  Rg8
56. Rxg8+  1-0

[Event "MCR mladeze 2019 - H16"]
[Site "Kouty nad Desnou"]
[Date "2019.03.10"]
[Round "2"]
[White "Nemec, David"]
[Black "Stinka, Jakub"]
[Result "1/2-1/2"]
[WhiteElo "1895"]
[BlackElo "2196"]
[EventDate "2019.03.09"]

1. e4  c5  2. c3  g6
3. d4  cxd4  4. cxd4
d5  5. e5  Nc6
6. h3  Bg7  7. Nf3  Nh6
8. Nc3  O-O  9. Bd3
f6  10. exf6  exf6
11. O-O  Be6  12. Re1
Qd7  13. Bf4  Nf7
14. Nb5  Rac8  15. Nc7
Nfd8  16. Nb5 Nf7 17. Nc7 Bf5 18. Bxf5 Qxf5
19. Ne6  1/2-1/2

[Event "MCR mladeze 2019 - H16"]
[Site "Kouty nad Desnou"]
[Date "2019.03.10"]
[Round "2"]
[White "Martirosyan, Ara"]
[Black "Polansky, Adam Lubos"]
[Result "1/2-1/2"]
[WhiteElo "1885"]
[BlackElo "2018"]
[EventDate "2019.03.09"]

1. d4  d5  2. Bf4  e6
3. Nf3  Bd6  4. Bg3
Nf6  5. Nbd2  O-O
6. e3  c5  7. dxc5
Bxg3  8. hxg3  Qc7
9. g4  Nxg4  10. Ng5
Nh6  11. Bd3  f5
12. Qh5  Na6  13. Ndf3
Nxc5  14. Nxh7 Kxh7  15. Ng5+
Kg8  16. Qg6  Rf6
17. Qe8+  Rf8  18. Qg6
Rf6  19. Qh7+  Kf8
20. Qh8+  Ng8  21. Nh7+
Kf7  22. Ng5+  Kf8
23. Nh7+  1/2-1/2

[Event "MCR mladeze 2019 - H16"]
[Site "Kouty nad Desnou"]
[Date "2019.03.10"]
[Round "2"]
[White "Volak, Simon"]
[Black "Pavlicek, Lukas"]
[Result "1/2-1/2"]
[WhiteElo "1843"]
[BlackElo "2003"]
[EventDate "2019.03.09"]

1. c4  e5  2. Nc3  Nf6
3. g3  d5  4. cxd5
Nxd5  5. Bg2  Nb6
6. Nf3  Nc6  7. O-O
Be7  8. d3  O-O
9. a3  a5  10. Be3  Be6
11. d4  exd4  12. Nxd4
Nxd4  13. Bxd4  c6
14. f4  a4  15. Ne4
Bb3  16. Qd3  Nc4
17. Qc3  f6  18. Rf3
Re8  19. Rd3  Qc7
20. Nd2  Nxd2  21. Rxd2
Rad8  22. e4  b6
23. e5  Rxd4  24. Rxd4
Bc5  25. Kh1  Bxd4
26. Qxd4  fxe5  27. Qe3
Bd5  28. Rc1  Bxg2+
29. Kxg2  c5  30. Re1
Qc6+  31. Qe4  Qxe4+
32. Rxe4  Rd8  33. fxe5
Rd2+  34. Kf3  Rxb2
35. Rxa4  Kf7  36. Ke4
Rxh2  37. Ra7+  Kg6
38. Rb7  Rb2  39. Kd5
Rb3  40. a4  Rxg3
41. Rxb6+  Kf5  42. e6
Kf6  43. a5  Ra3
44. a6  c4  45. Kxc4
h5  46. Kd5  h4
47. Kd6  h3  48. Kd7  Rd3+
1/2-1/2

[Event "MCR mladeze 2019 - H16"]
[Site "Kouty nad Desnou"]
[Date "2019.03.10"]
[Round "2"]
[White "Nytra, Ondrej"]
[Black "Szotkowski, David"]
[Result "0-1"]
[WhiteElo "1998"]
[BlackElo "1709"]
[EventDate "2019.03.09"]

1. e4  c6  2. d4  d5
3. e5  Bf5  4. c3
e6  5. Be3  Ne7
6. Nd2  Nd7  7. f4  Bg6
8. Ngf3  Nf5  9. Bf2
h5  10. Be2  Qc7 11. O-O
Be7  12. h3  O-O-O
13. a4  h4  14. Kh2
f6  15. b4  Ng3
16. Bxg3  hxg3+  17. Kxg3  fxe5
18. dxe5  Bf5  19. Kh2
g5  20. Nd4  gxf4
21. Nxf5  exf5  22. Nf3
Nxe5  23. Nxe5  Qxe5
24. Rf3  d4  25. Rb1
dxc3  26. Bd3  Rd5
27. Qc2  Rhd8  28. b5
c5  29. b6 a6  30. Rb3
Rxd3  31. Rxd3  Rxd3
32. Qxd3  f3+  33. Kh1
Bd6  34. Kg1  Qe1+
0-1

[Event "MCR mladeze 2019 - H16"]
[Site "Kouty nad Desnou"]
[Date "2019.03.10"]
[Round "2"]
[White "Zeman, Daniel"]
[Black "Placer, Sebastian"]
[Result "0-1"]
[WhiteElo "1804"]
[BlackElo "1947"]
[EventDate "2019.03.09"]

1. c4  e6  2. Nf3  Nf6
3. e3  d5  4. Nc3
c5  5. d4  Nc6
6. a3  Ne4  7. Nxe4  dxe4
8. Nd2  cxd4  9. Nxe4
a5  10. exd4  Qxd4
11. Qc2  Qe5  12. Be3
Be7  13. Be2  O-O
14. Rd1  f5  15. Nd2
Bf6  16. Rb1  Nd4
17. Bxd4  Qxd4  18. O-O
a4  19. Nf3  Qc5
20. Ne1  e5  21. Nd3
Qc7  22. Nb4  Be6
23. Rfd1  Ra5  24. Rbc1
Bg5  25. Rb1  Rc8
26. Rd3  e4  27. Rdd1
Bxc4  28. Bxc4+ Qxc4  29. Qxc4+
Rxc4  30. Rd7  Rac5
31. g3  b5  32. Nd5
Rc1+  33. Rxc1  Bxc1
34. Ne7+  Kf8  35. Rd5
Rxd5  36. Nxd5  Bxb2
37. Kf1  Bxa3  38. Nc3
Bb2  0-1

[Event "MCR mladeze 2019 - H16"]
[Site "Kouty nad Desnou"]
[Date "2019.03.10"]
[Round "2"]
[White "Vorisek, Jakub"]
[Black "Novotny, Ondrej"]
[Result "0-1"]
[WhiteElo "2077"]
[BlackElo "1933"]
[EventDate "2019.03.09"]

1. e4  e5  2. Nf3  Nc6
3. Bb5  a6  4. Ba4
Nf6  5. O-O  d6
6. Re1  Bd7  7. d4  Nxd4
8. Bxd7+  Qxd7  9. Nxd4
exd4  10. Qxd4  Be7
11. Bg5  Qg4  12. f4
h6  13. h3  Qh5
14. Bxf6  gxf6  15. Nc3  Rg8
16. Kh2  Qg6  17. Qf2
O-O-O  18. Nd5  Rde8
19. Qf3  h5  20. Rad1
Bd8  21. Rd3  c6
22. Nc3  Bc7  23. Rde3
d5  24. R3e2  d4
25. Nb1  h4  26. Rf1
Qh6  27. Ref2  Rg3
28. Qe2  Qg6  29. Nd2
Rg8  30. Nc4  Bxf4
31. Kh1  Kb8  32. Nb6
Kc7  33. Nc4  b5
34. Na5 Be5  35. Nb3  Rxb3
36. axb3  Qg3  0-1

[Event "MCR mladeze 2019 - H16"]
[Site "Kouty nad Desnou"]
[Date "2019.03.10"]
[Round "2"]
[White "Ocko, Dominik"]
[Black "Fojt, Petr"]
[Result "1-0"]
[WhiteElo "1914"]
[BlackElo "2058"]
[EventDate "2019.03.09"]

1. d4  c5  2. d5  e5
3. e4  d6  4. Bb5+
Nd7  5. Ne2  a6
6. Bxd7+  Bxd7  7. c4  g6
8. O-O  Bg7  9. Bd2
Ne7  10. Nbc3  b5
11. Qc1  O-O  12. Bh6
f5  13. Bxg7  Kxg7
14. f4  bxc4  15. fxe5
dxe5  16. Qe3  Qc7
17. Qg5  Qd6  18. Rad1
h6  19. Qg3  f4
20. Qe1  g5  21. Nc1  Bg4
22. Rd2  Ng6  23. h3
Bd7  24. Qe2  Nh4
25. Qxc4  f3  26. g4
h5  27. Nd3  Rac8
28. Nf2  Qf6  29. Nh1
Qf4  30. Rdf2  hxg4
31. Ne2  Qe3  32. Neg3
gxh3  33. Qxa6  Rh8
34. Kh2  Rhd8  35. Nh5+
Kh7  36. Nf6+  Kg7
37. Nxd7  Rxd7  38. Qxc8
Rf7  39. Ng3  Qf4
40. Kxh3  Kh7  41. Qg4
Qe3  42. d6  Rf6
43. d7  Rh6  44. Nh5
Ng6  45. Kg3  Nf4
46. Qf5+  Rg6  47. Nf6+
Kg7  48. Ne8+  Kg8
49. d8=Q  1-0

[Event "MCR mladeze 2019 - H16"]
[Site "Kouty nad Desnou"]
[Date "2019.03.10"]
[Round "2"]
[White "Barak, David"]
[Black "Glozar, Petr"]
[Result "0-1"]
[WhiteElo "2019"]
[BlackElo "1883"]
[EventDate "2019.03.09"]

1. d4  Nf6  2. c4  e6
3. Nc3  Bb4  4. e3
b6  5. Nf3  Bb7
6. Bd3  O-O  7. O-O  Bxc3
8. bxc3  d6  9. Qe2
Nbd7  10. e4  e5
11. Bg5  h6  12. Bh4
Qe8  13. Nd2  Qe6
14. h3  Nh7  15. Rae1
g5  16. Bg3  Kh8
17. Nb3  a5  18. a4
Ba6  19. Rb1  Rad8
20. Rfd1  f6  21. c5
Bxd3  22. Qxd3  dxc5
23. dxc5  Nxc5  24. Qxd8
Rxd8  25. Rxd8+  Kg7
26. Nxc5  bxc5  27. Rd5
h5  28. f3  Qe7
29. Bf2  g4  30. fxg4  hxg4
31. h4  c6  32. Bxc5
Qf7  33. Rd3  Kg6
34. Bf2  Nf8  35. Rb6
Ne6  36. Rxc6  Nf4
37. Rd2  Qb7  38. Rc4
Qb3  39. Rc8  Qb1+
40. Kh2  Qxe4  41. Rg8+
Kf5  42. Bg3  Ne2
43. h5  Nxg3  44. h6
Nf1+  45. Kh1  Nxd2
46. h7  Qe1+  47. Kh2
Qh4+ *

[Event "MCR mladeze 2019 - H16"]
[Site "Kouty nad Desnou"]
[Date "2019.03.10"]
[Round "2"]
[White "Hofman, Krystof"]
[Black "Tajovsky, Matej"]
[Result "1-0"]
[WhiteElo "2012"]
[BlackElo "1810"]
[EventDate "2019.03.09"]

1. d4  Nf6  2. c4  c5
3. dxc5  e6  4. Nc3
Bxc5  5. e3  O-O
6. Nf3  Nc6  7. Be2
d5  8. cxd5  Nxd5
9. Bd2  b6  10. O-O
Bb7  11. a3  Rc8
12. b4  Be7  13. Qb3
Bf6  14. Rac1 Ne5  15. Rfd1
Qe7  16. Nb5  a6
17. Nbd4  b5  18. a4
bxa4  19. Qxa4  Nb6
20. Qa2  Nec4  21. Be1
e5  22. Nb3  Bd5
23. Qxa6  Nxe3  24. Rxc8
Nxc8  25. fxe3  Bxb3
26. Rb1  Bd5  27. Rc1
Bb7  28. Qa5  Nd6
29. Qb6  Ba8  30. b5
Rc8  31. Rd1  Ne4
32. Ra1  Qe8  33. Qa7
Nc5  34. b6  Rb8
35. Bb4  Nb7  36. Rc1
Rc8  37. Rc7  Qd8
38. Qa2  Qe8  39. Bb5
Qd8  40. Qxf7+  Kh8
41. Bd7  Rb8  42. Nd2
1-0

[Event "MCR mladeze 2019 - H16"]
[Site "Kouty nad Desnou"]
[Date "2019.03.10"]
[Round "2"]
[White "Kubice, Jakub"]
[Black "Travnicek, Krystof Mikulas"]
[Result "0-1"]
[WhiteElo "1605"]
[BlackElo "1968"]
[EventDate "2019.03.09"]

1. d4  Nf6  2. c4  c6
3. Nf3  d5  4. Qb3
e6  5. g3  Bd6
6. Bg2  Nbd7  7. Nc3  O-O
8. O-O  b6  9. Re1
Bb7  10. Nd2  c5 11. Nb5
Be7  12. Qc2  a6
13. Nc3  cxd4  14. Nd1
Qc7  15. b3  dxc4
16. Qxc4  Qxc4  17. Nxc4
Bxg2  18. Kxg2  b5
19. Ba3  Bxa3  20. Nxa3
Rac8  21. Nb2  Nc5
22. Red1  e5  23. Rac1
Nd5  24. Rd2  Nb4
25. Nd1  Ne4  26. Rxc8
Rxc8  27. Rb2  Nc3
28. Nxc3  dxc3  29. Rb1
e4  30. Kf1  Nxa2
31. Nc2  a5  32. Ra1
Nb4  33. Nxb4  axb4
34. Ke1  g6  35. Kd1
Rd8+  36. Ke1  Rd2
37. Ra8+  Kg7  38. Re8
Rb2  39. Kd1  f5
40. Re7+  Kh6  41. Rb7
Rxb3  42. Rxb5  Rb1+
43. Kc2  Re1  44. Rxb4
Rxe2+  45. Kxc3  Rxf2
0-1

[Event "MCR mladeze 2019 - H16"]
[Site "Kouty nad Desnou"]
[Date "2019.03.10"]
[Round "2"]
[White "Hurtik, Matej"]
[Black "Krizek, Krystof"]
[Result "0-1"]
[WhiteElo "1959"]
[BlackElo "1804"]
[EventDate "2019.03.09"]

1. e4  c5  2. c3  g6
3. d4  cxd4  4. cxd4
d5  5. exd5  Nf6
6. Nc3  Nxd5  7. Nf3
Bg7  8. Bc4  Nxc3
9. bxc3  O-O  10. O-O
Qc7  11. Qe2  Bg4 12. Bd5
Nc6  13. h3  Bf5
14. Bd2  Rad8  15. Be4
Bxe4  16. Qxe4  e5 17. d5
Ne7  18. c4  b5
19. Bb4  bxc4  20. Rfd1  f5
21. Qh4  Nxd5  22. Bxf8
Bxf8  23. Rac1  Nf4
24. Rxd8  Ne2+  25. Kf1
Nxc1  26. Rxf8+  Kxf8
27. Qh6+  Ke7  28. Qxc1
c3  29. Qa3+  Ke6
30. Qb3+  Kf6  31. Ne1
Qc6  32. a4  e4
33. Nc2  Qa6+ 34. Qb5  Qxb5+  35.
axb5  Ke5  36. Ke2  Kd5
37. Ke3  g5 38. g3 h5 39. Na3 h4 40. Nb1 c2 41.
Nc3+ Ke5 42. Kd2 g4 43. Ne2 gxh3 44. gxh4 0-1

[Event "MCR mladeze 2019 - FIDE Open"]
[Site "Kouty nad Desnou"]
[Date "2019.03.10"]
[Round "2"]
[White "Sikorova, Olga"]
[Black "Malinovsky, Petr"]
[Result "1-0"]
[WhiteElo "2241"]
[BlackElo "2007"]
[EventDate "2019.03.09"]

1. c4  e6  2. Nf3  d5
3. b3  c6  4. Bb2
f5  5. d3  Nf6
6. Nbd2  Be7  7. g3  O-O
8. Bg2  b6  9. O-O
Bb7  10. Rc1  c5
11. cxd5  exd5  12. d4
Ne4  13. Ne5  f4
14. Qc2  Nxd2  15. Qxd2
Bg5  16. e3  fxe3
17. fxe3  Nd7  18. Rxf8+
Kxf8  19. Qf2+  Bf6
20. Nxd7+  Qxd7  21. dxc5
Kg8  22. Bxf6  Rf8
23. cxb6  axb6  24. Qd2
Rxf6  25. Rd1  h6
26. Bxd5+  Kh8  27. Bg2
Qf7  28. Qd8+  Kh7
29. Qd3+  Kh8  30. Qd7
Rf1+  31. Bxf1  Qf3
32. Qe8+  1-0

[Event "MCR mladeze 2019 - FIDE Open"]
[Site "Kouty nad Desnou"]
[Date "2019.03.10"]
[Round "2"]
[White "Vlkova, Anezka"]
[Black "Lorenc, Tomas"]
[Result "1-0"]
[WhiteElo "1951"]
[BlackElo "2173"]
[EventDate "2019.03.09"]

1. e4  d5  2. exd5  Qxd5
3. Nc3  Qd6  4. d4
Nf6  5. Nb5  Qd8
6. c4  c6  7. Nc3
g6  8. Nf3  Bg7
9. Be2  O-O  10. O-O  Nbd7
11. Bf4  Nh5  12. Be3
Qc7  13. Qd2  e5
14. d5  f5  15. Bg5
Nhf6  16. d6  Qd8
17. b4  Qe8  18. c5
b6  19. Bc4+  Kh8
20. b5  Bb7  21. Bxf6
Bxf6  22. bxc6  Bxc6
23. Nd5  Nxc5  24. Nc7
Qd7  25. Nxa8  Bxa8
26. Rad1  Bc6  27. Rfe1
e4  28. Ng5  Kg7
29. f3  h6  30. fxe4
Bxg5  31. Qd4+  Kh7
32. exf5  Rxf5  33. Rf1
Bf6  34. Qe3  Rg5
35. Rxf6  Bxg2  36. Rf7+
Qxf7  37. Bxf7  Bf3+
38. Qxg5  1-0